000
00333nam a2200145 a 4500
005
20140414093848.0
008
110526s19uu xx 00 eng d
050
_a
DVD 909
_b
NAP 2003
245
_a
Napoleon.
260
_a
USA :
_b
Cromwell,
_c
2003.
500
_a
Disc 1 & 2
650
_a
History
942
_c
AVM
999
_c
109749
_d
109749